|
|
|
|
| LEADER |
00000cam a2200000 7i4500 |
| 001 |
0000078744 |
| 005 |
20170816.0 |
| 008 |
101013t1995my ag bm |
| 020 |
|
|
|a 9837404353
|
| 040 |
|
|
|a PERPUSTAM
|b eng
|c PERPUSTAM
|e rda
|
| 090 |
0 |
0 |
|a J 158.1
|b SIR
|
| 100 |
1 |
|
|a Abdullah Jamain ,
|e author
|
| 245 |
1 |
0 |
|a Wawasan
|c Abdullah Jamain
|
| 264 |
|
1 |
|a Selangor :
|b LONGMAN MALAYSIA SDN. BHD.
|c ©1995
|
| 300 |
|
|
|a 44 pages :
|b illustration ;
|c 19 cm.
|
| 336 |
|
|
|a still image, rdacontent
|
| 336 |
|
|
|a text, rdacontent
|
| 338 |
|
|
|a volume
|2 rdacarrier
|
| 490 |
1 |
|
|a SIRI MORAL UNTUK AMALAN REMAJA YANG TEKAD
|
| 650 |
0 |
0 |
|a Ethics
|
| 830 |
|
0 |
|a Siri Moral Untuk Amalan Remaja Yang Tekad
|
| 999 |
|
|
|a 0000368284
|b Buku
|c Koleksi Pinjaman Kanak-Kanak
|e Perpustakaan Cawangan Jasin
|
| 999 |
|
|
|a 40266
|b Buku
|c Koleksi Pinjaman Kanak-Kanak
|e Perbadanan Perpustakaan Awam Melaka
|
| 999 |
|
|
|a 40274
|b Buku
|c Koleksi Pinjaman Kanak-Kanak
|e Perpustakaan Cawangan Masjid Tanah
|
| 999 |
|
|
|a 40277
|b Buku
|c Koleksi Pinjaman Kanak-Kanak
|e Perpustakaan Cawangan Merlimau
|
| 999 |
|
|
|a 40288
|b Buku
|c Koleksi Pinjaman Kanak-Kanak
|e PK Melaka Mall
|